书目信息 |
| 题名: |
中国古代舞蹈
|
|
| 作者: | 韩霞 编著 | |
| 分册: | ||
| 出版信息: | 北京 中国商业出版社 2015 |
|
| 页数: | 184页 | |
| 开本: | 23cm | |
| 丛书名: | 中国传统民俗文化丛书 | |
| 单 册: | ||
| 中图分类: | J709.2 | |
| 科图分类: | ||
| 主题词: | 古代舞蹈--舞蹈史--中国 | |
| 电子资源: | ||
| ISBN: | 978-7-5044-8619-6 | |
| 000 | 00798oam2 2200253 450 | |
| 001 | 2353238421 | |
| 005 | 20231110104352.81 | |
| 010 | @a978-7-5044-8619-6@dCNY58.00 | |
| 100 | @a20160121d2015 em y0chiy50 ea | |
| 101 | 0 | @achi |
| 102 | @aCN@b110000 | |
| 105 | @aa z 000yy | |
| 200 | 1 | @a中国古代舞蹈@Azhong guo gu dai wu dao@f韩霞编著 |
| 210 | @a北京@c中国商业出版社@d2015 | |
| 215 | @a184页@c图@d23cm | |
| 225 | 1 | @a中国传统民俗文化丛书@i艺术系列@f傅璇琮主编@v9 |
| 330 | @a本书详细介绍了古代舞蹈的发展历程,其间还讲述了历史上一些与舞蹈有关的人物、事件。 | |
| 461 | 0 | @12001 @a中国传统民俗文化丛书 |
| 462 | 0 | @12001 @a艺术系列 |
| 606 | 0 | @a古代舞蹈@x舞蹈史@y中国 |
| 690 | @aJ709.2@v5 | |
| 701 | 0 | @a韩霞@Ahan xia@4编著 |
| 801 | 0 | @aCN@b安徽时代@c20230923 |
| 905 | @aBZT@dJ709.2@e3 | |
| 中国古代舞蹈/韩霞编著.-北京:中国商业出版社,2015 |
| 184页:图;23cm.-(中国传统民俗文化丛书.艺术系列/傅璇琮主编;9) |
| ISBN 978-7-5044-8619-6:CNY58.00 |
| 本书详细介绍了古代舞蹈的发展历程,其间还讲述了历史上一些与舞蹈有关的人物、事件。 |
| ● |
| 相关链接 |
|
|
|
正题名:中国古代舞蹈
索取号:J709.2/3
 
预约/预借
| 序号 | 登录号 | 条形码 | 馆藏地/架位号 | 状态 | 备注 |
| 1 | 2000932525 | 2000932525 | 第四书库/四35架A面2层3列/ [索取号:J709.2/3] | 在馆 | |
| 2 | 2000932526 | 2000932526 | 第四书库/四35架A面2层3列/ [索取号:J709.2/3] | 在馆 | |
| 3 | 2000932527 | 2000932527 | 第四书库/四35架A面2层3列/ [索取号:J709.2/3] | 在馆 | |
| 4 | 2000932528 | 2000932528 | 第四书库/四35架A面2层3列/ [索取号:J709.2/3] | 在馆 | |
| 5 | 2000932529 | 2000932529 | 第四书库/四35架A面2层3列/ [索取号:J709.2/3] | 在馆 | |
| 6 | 2000932530 | 2000932530 | 第四书库/四35架A面2层3列/ [索取号:J709.2/3] | 在馆 |